NBA 2022 All star players - Statistics

General Stats
  • This quiz has been taken 80 times
  • The average score is 23 of 26
Answer Stats
Player % Correct
Team Durant - BKN Kevin Durant
100%
Team Lebron - LAL LeBron James
100%
Team Lebron - GSW Stephen Curry
100%
Team Lebron - CHI Demar DeRozan
98%
Team Lebron - MIL Giannis Antetokounmpo
98%
Team Lebron - DEN Nikola Jokic
98%
Team Durant - MEM Ja Morant
97%
Team Durant - PHI Joel Embiid
97%
Team Durant - PHX Devin Booker
95%
Team Durant - BOS Jayson Tatum
95%
Team Lebron - MIA Jimmy Butler
95%
Team Durant - CHA Lamelo Ball
95%
Team Durant - GSW Andrew Wiggins
93%
Team Lebron - DAL Luka Doncic
93%
Team Durant - CHI Zach LaVine
93%
Team Lebron - UTA Donovan Mitchell
92%
Team Durant - MIL Khris Middleton
90%
Team Lebron - PHX Chris Paul
89%
Team Lebron - PHI James Harden
89%
Team Durant - GSW Draymond Green
87%
Team Durant - UTA Rudy Gobert
87%
Team Lebron - CLE Darius Garland
85%
Team Durant - SA Dejounte Murray
79%
Team Lebron - TOR Fred Vanvleet
77%
Team Durant - MIN Anthony Towns
43%
Team Lebron - CLE Jarret Allen
26%
No matching quizzes found
Score Distribution
Percent of People with Each Score
Percentile by Number Answered
Your Score History
You have not taken this quiz